Statistics for All countries with no borders

Click here to take the quiz!

General Stats

  • This quiz has been taken 76 times
  • The average score is 25 of 37

Answer Stats

Answer% Correct
Australia
82%
Cuba
82%
Malta
78%
New Zealand
75%
Tuvalu
75%
Iceland
73%
Cyprus
72%
Seychelles
72%
Fiji
70%
Samoa
70%
Cape Verde
68%
Madagascar
68%
Maldives
68%
Japan
67%
Nauru
67%
Palau
67%
St Kitts
67%
Comoros
65%
Kiribati
65%
Marshall Islands
65%
São Tomé And
Principe
65%
St Lucia
65%
Tonga
65%
Dominica
63%
Mauritius
63%
Antigua
62%
Bahamas
62%
Barbados
62%
Federated States Of Micronesia
62%
Grenada
62%
Jamaica
62%
St Vincent
62%
Trinidad
62%
Vanuatu
62%
Solomon Islands
60%
Philippines
55%
Sri Lanka
55%

Score Distribution

Percentile by Number Answered

Percent of People with Each Score

Your Score History

You have not taken this quiz